000
00281 a2200133 4500
001
155083
040
_c
Escola São Tomás de Aquino
100
_a
KEANE, Jan
240
1
0
_a
Shark Attack
_l
por
245
1
0
_a
Shark Attack
300
_a
42
697
_a
Língua inglesa
942
_c
BK
999
_c
155083
_d
155083